Generál Ján Golian - vojak a vlastenec

Bibliographic Details
Other Authors: Šeďová, Božena, 1959- (Compiler)
Format: Article
Language:Slovak
ISSN:1335-3314
Subjects:

MARC

LEADER 00000nab a2200000 a 4500
001 vtls008948807
003 SK-MaSNL
005 20260304144830.0
008 250505c2006 xo |||| |b| 000 b|slo
015 |a SNBRB2007/02  |2 snkbucl 
035 |a urn:nbn:sk:snk-ab8d6g 
035 |a (urnnbn)urn:nbn:sk:snk:ar-a084sp 
035 |a (uuid)78a79ca0-1a59-4e88-b70a-dec9dd478500 
038 |a SNKBUCL 
040 |a SNKBUCL  |b slo  |c SNKBUCL  |e AACR2 
041 0 |a slo 
044 |a xo  |c SK 
080 |a 94(437.6)-051  |x "19"  |x (016)  |2 1997 
080 |a 016  |2 1997 
245 0 0 |a Generál Ján Golian - vojak a vlastenec  |c zostavila B. Šeďová 
600 1 7 |a Golian, Ján,  |d 1906-1945  |2 snkbucl  |9 117121 
655 7 |a personálne bibliografie  |2 snkbucl  |9 70198 
700 1 |a Šeďová, Božena,  |d 1959-  |4 com  |9 179727 
773 0 |t Vojenská história  |g Roč. 10, č. 3 (2006), s. 149-151  |x 1335-3314 
850 |a Slovenská národná knižnica 
852 |a Slovenská národná knižnica 
954 |a odborná, vedecká literatúra pôvodná (slovenská)  |2 lita 
958 |a article9 
958 |a OND 
958 |a SF 
958 |a OS 
958 |a EUIPO 
999 |c 2933539  |d 2935469